000 00503nam a2200169 i 4500
001 26333
003 ES-MaACL
005 20230906153426.0
007 t|
008 030108s1909 fr ||||1| fre d
100 1 _aArthus, Maurice.
_923462
245 1 0 _aPrécis de Chimie physiologique /
_cpar Maurice Arthus.
250 _a6eme ed., rev. et augm.
260 _aParís :
_bMasson et Cie,
_c1909 (
_eCoulommiers :
_fP. Brodard)
300 _aVI, 397 p. :
_bil. ;
_c19 cm.
852 _aES-MaACL
_jF-11413
999 _c26333
_d26333